• 首页
  • 本馆介绍
  • 公告通知
  • 最新文献
  • 馆藏检索
  • 电子资源
  • 读者导购
  • 参考咨询
  • 我的图书馆
  • 登录
  • 详细信息显示
  • 放入我的书架
  • 预约/预借图书
  • 作者相关作品
  • 分类相关作品
  • 丛书相关作品
  • 出版社相关作品

书目信息

  • 表格格式
  • 工作单格式
  • 卡片格式
题名:
中国古典幻术——剑 丹 豆 环
    
 
作者: 陈润华 主编 ;傅起凤 , 徐秋 , 王志伟 编著
分册:  
出版信息: 北京   中国文联出版社  2009
页数: 250页
开本: 26cm
丛书名:
单 册:
中图分类: J828
科图分类:
主题词: 魔术--中国--古代 , 魔术
电子资源:
ISBN: 978-7-5059-6390-0
000 01122nam0 2200289 45
001 1130740156
005 20110310102327.23
010    @a978-7-5059-6390-0@dCNY88.00
100    @a20110122d2009 em y0chiy50 ea
101 0  @achi@aeng
102    @aCN@b110000
105    @aa z 000yy
106    @ar
200 1  @a中国古典幻术——剑 丹 豆 环@AZhong Guo Gu Dian Huan Shu—— Jian Dan Dou Huan@dChinese classic illusion magic:tricks of sword, elixir, beans and rings@f陈润华主编@FChen Run Hua Zhu Bian@g傅起凤,徐秋编著@g王志伟编译@zeng
210    @a北京@c中国文联出版社@d2009
215    @a250页@c图,照片@d26cm
330    @a本书分为说吞剑、说传丹、说栽豆、说连环和文献摘编五部分,记录了“剑、丹、豆、环”的原始风貌。
510 1  @aChinese classic illusion magic@etricks of sword, elixir, beans and rings@zeng
606 0  @a魔术@y中国@z古代
606 0  @a魔术
690    @aJ828@v4
701  0 @a陈润华@AChen Run Hua@4主编
702  0 @a傅起凤@AFu Qi Feng@4编著
702  0 @a徐秋@AXu Qiu@4编著
702  0 @a王志伟@AWang Zhi Wei@4编译
801  0 @aCN@bTANGWEI@c20110310
905    @b0531936-39@dJ828@e116@f4
    
    中国古典幻术——剑 丹 豆 环=Chinese classic illusion magic:tricks of sword, elixir, beans and rings/陈润华主编/傅起凤,徐秋编著/王志伟编译.-北京:中国文联出版社,2009
    250页:图,照片;26cm
    
    
    ISBN 978-7-5059-6390-0:CNY88.00
    本书分为说吞剑、说传丹、说栽豆、说连环和文献摘编五部分,记录了“剑、丹、豆、环”的原始风貌。
●
相关链接 在E读中查询图书 在五车中查询图书 在当当中查询图书 在豆瓣中查询图书


正题名:中国古典幻术——剑 丹 豆 环     索取号:J828/116         预约/预借

序号 登录号 条形码 馆藏地/架位号 状态 备注
1 0531936   205319369   第一样本阅览室/ [索取号:J828/116] 在馆    
2 0531937   205319378   第一借阅区/ [索取号:J828/116] 在馆    
3 0531938   205319387   第一借阅区/ [索取号:J828/116] 在馆    
4 0531939   205319396   第一借阅区/ [索取号:J828/116] 在馆    
唐山师范学院图书馆 欢迎您!
大连网信软件有限公司© 版权所有